书目信息 |
| 题名: |
世界富豪全传
|
|
| 作者: | 李湛 主编 | |
| 分册: | 第十三册 亚洲卷 | |
| 出版信息: | 哈尔滨 黑龙江人民出版社 2002 |
|
| 页数: | 377页 | |
| 开本: | 20cm | |
| 丛书名: | ||
| 单 册: | ||
| 中图分类: | K815.38 | |
| 科图分类: | ||
| 主题词: | 企业家--传记--世界 | |
| 电子资源: | ||
| ISBN: | 7-207-05460-2 | |
| 000 | 00613nam0 2200205 450 | |
| 001 | 0658408922 | |
| 005 | 20060314162646.89 | |
| 010 | @a7-207-05460-2@dCNY1280.00(全16册) | |
| 100 | @a20060314d2002 km y0chiy0120 ea | |
| 101 | 0 | @achi |
| 102 | @aCN@b230000 | |
| 200 | 1 | @a世界富豪全传@Ashi jie fu hao quan chuan@i亚洲卷@h第十三册@f李湛主编@Fli zhan zhu bian |
| 210 | @a哈尔滨@c黑龙江人民出版社@d2002 | |
| 215 | @a377页@d20cm | |
| 517 | 1 | @a亚洲卷@Aya zhou juan |
| 606 | 0 | @a企业家@x传记@y世界 |
| 690 | @aK815.38@v4 | |
| 701 | 0 | @a李湛@Ali zhan@4主编 |
| 801 | 0 | @aCN@bPFT@c20060314 |
| 905 | @a10447@dK815.38@e83:13 | |
| 世界富豪全传.亚洲卷.第十三册/李湛主编.-哈尔滨:黑龙江人民出版社,2002 |
| 377页;20cm |
| ISBN 7-207-05460-2:CNY1280.00(全16册) |
| ● |
| 相关链接 |
|
|
|
|
正题名:世界富豪全传
索取号:K815.38/83:13
 
预约/预借
| 序号 | 登录号 | 条形码 | 馆藏地/架位号 | 状态 | 备注 |
| 1 | 0349336 | 203493362 | 第二样本阅览室/ [索取号:K815.38/83:13] | 在馆 |